Catalog

Record Details

Catalog Search



United States Holocaust Memorial Museum 1998 calendar Cover Image Picture Picture

United States Holocaust Memorial Museum 1998 calendar [grafika] / United States Holocaust Memorial Museum

Record details

  • Physical Description: 1 kalendář (12 l.) : il.
  • Publisher: Washington : United States Holocaust Memorial Museum, 1997
Genre: nástěnné vícelisté kalendáře

Available copies

  • 0 of 1 copy available at Common Catalog SPOK.

Holds

  • 0 current holds with 1 total copy.
Show All Copies
Location Call Number / Copy Notes Barcode Shelving Location Status Due Date

LDR 00890nkm a2200265 a 4500
00151365
003CZ-PrJAB
00520221215153542.0
007kf co
008221026s1997 xxu eng
020 . ‡q(Brož.)
035 . ‡a(CZ-PrJAB)51363
035 . ‡a(CZ PrNK)
040 . ‡aABE340 ‡bcze
080 . ‡a778 ‡2undef
080 . ‡a050.9 ‡2undef
1102 . ‡aUnited States Holocaust Memorial Museum ‡7kn20070720003
24500. ‡aUnited States Holocaust Memorial Museum 1998 calendar ‡h[grafika] / ‡cUnited States Holocaust Memorial Museum
24631. ‡aChildren's drawings from Terezin
260 . ‡aWashington : ‡bUnited States Holocaust Memorial Museum, ‡c1997
300 . ‡a1 kalendář (12 l.) : ‡bil.
6530 . ‡adětské kresby ‡aTerezín
655 7. ‡anástěnné vícelisté kalendáře ‡7fd185795 ‡2czenas
910 . ‡aABE340 ‡b1583
995 . ‡aska
901 . ‡a51365 ‡bAUTOGEN ‡c51365 ‡tbiblio

Additional Resources